[Event "Hallstahammar op"]
[Site "Hallstahammar"]
[Date "2003.09.13"]
[Round "4"]
[White "Smeds, Joakim"]
[Black "Olsson, Dick"]
[Result "1/2-1/2"]
[WhiteElo "1610"]
[BlackElo "1367"]
[PlyCount "120"]
[EventDate "2003.09.12"]
[EventType "swiss"]
[EventRounds "7"]
[EventCountry "SWE"]
[SourceTitle "CBM 096 Extra"]
[Source "ChessBase"]
[SourceDate "2003.10.22"]
[SourceVersion "2"]
[SourceVersionDate "2003.10.20"]
[SourceQuality "1"]

1. d4 d5 2. c4 e6 3. Nc3 Nf6 4. cxd5 Nxd5 5. e4 Nxc3 6. bxc3 Be7 7. Bd3 Nd7 8. Ne2 c5 9. 0-0 cxd4 10. cxd4 0-0 11. Be3 b6 12. e5 Bb7 13. Ng3 Bh4 14. Qg4 g6 15. Bh6 Re8 16. f4 Bxg3 17. Qxg3 Nf8 18. Qe3 Qd5 19. Rf2 Rad8 20. Rd2 Qxd4 21. Qxd4 Rxd4 22. Bg5 Ba6 23. Rad1 Bxd3 24. Rxd3 Rc4 25. Rd8 Rc8 26. Rxe8 Rxe8 27. a4 h5 28. Bh4 Rc8 29. Rd4 Rb8 30. Kf2 a6 31. Ke3 b5 32. a5 b4 33. Be7 b3 34. Rd1 b2 35. Rb1 Nd7 36. Ba3 Kg7 37. Rxb2 Rxb2 38. Bxb2 Nc5 39. Kd4 Nb3+ 40. Kc4 Nxa5+ 41. Kc5 Nb3+ 42. Kb4 Nd2 43. Bc3 Ne4 44. Bd4 g5 45. fxg5 Nxg5 46. Ka5 Kg6 47. Kxa6 Kf5 48. Kb5 Nh7 49. Kc5 f6 50. exf6 Nxf6 51. Bxf6 Kxf6 52. Kd4 Kf5 53. Ke3 h4 54. h3 e5 55. Kf3 e4+ 56. Ke3 Ke5 57. Ke2 Kf4 58. Kf2 e3+ 59. Ke2 Kg3 60. Kxe3 Kxg2 1/2-1/2

[Event "Hallstahammar op"]
[Site "Hallstahammar"]
[Date "2001.09.08"]
[Round "5"]
[White "Smeds, Joakim"]
[Black "Carlsson, Andreas"]
[Result "0-1"]
[WhiteElo "1563"]
[BlackElo "1935"]
[PlyCount "56"]
[EventDate "2001.??.??"]
[EventType "swiss"]
[EventRounds "7"]
[EventCountry "SWE"]
[SourceTitle "EXT 2006"]
[Source "ChessBase"]
[SourceDate "2005.11.24"]
[SourceVersion "1"]
[SourceVersionDate "2005.11.24"]
[SourceQuality "1"]

1. d4 d5 2. c4 e5 3. dxe5 d4 4. Nf3 Nc6 5. g3 Bg4 6. Bg2 Qd7 7. 0-0 0-0-0 8. a3 h5 9. b4 Be7 10. b5 Bxf3 11. Bxf3 Nxe5 12. Bg2 h4 13. Bf4 f6 14. Qc2 d3 15. exd3 hxg3 16. Bxg3 Bc5 17. Nd2 Ne7 18. Nb3 Bd4 19. Nxd4 Qxd4 20. c5 Nf5 21. b6 axb6 22. cxb6 Rd7 23. Rac1 Nxg3 24. hxg3 c6 25. Qb3 Qg4 26. Qb4 Nf3+ 27. Bxf3 Qxf3 28. Qe4 Rh1# 0-1